000 00633nam a22001817a 4500
999 _c14523
_d14523
003 OSt
005 20200303145240.0
008 191001b ||||| |||| 00| 0 eng d
022 _a01559982
040 _c2
082 _aDPer 657.05 Ac172 Mar 2012-Sept 2015 v. 36-39.
100 _940137
_aSikka, Prem.
245 _aThe corrosive effects of neoliberalism on the UK financial crises and auditing practices:
_ba dead-end for reforms/
_cPrem Sikka.
260 _aAmsterdam:
_bElsevier Ltd,
_c©Mar 2012-Sept 2015.
300 _av39 i1, pages 1-18:
_billustrations;
_c27 cm.
650 _aAuditing
_xPractices
_941753
942 _2ddc
_cPER